Normal view
MARC view
- Major Mirza Manwar Reza
Entry Personal Name
001 - CONTROL NUMBER
- control field: 48450
003 - CONTROL NUMBER IDENTIFIER
- control field: NUST
005 - DATE AND TIME OF LATEST TRANSACTION
- control field: 20210314134044.0
008 - FIXED-LENGTH DATA ELEMENTS
- fixed length control field: 210314|| aca||aabn | a|a d
040 ## - CATALOGING SOURCE
- Original cataloging agency: NUST
- Transcribing agency: NUST
100 ## - HEADING--PERSONAL NAME
- Personal name: Major Mirza Manwar Reza
670 ## - SOURCE DATA FOUND
- Source citation: Work cat.: (NUST): Major Mirza Manwar Reza, A comparative study of standard penetration test and triaxial compresson test for determining the bearing capacity in case of predominantly cohesive soils, 2001
